[Event "Vrsac"]
[Site "Vrsac"]
[Date "1989.??.??"]
[Round "7"]
[White "Kapelan, Milorad"]
[Black "Davies, Nigel Rodney"]
[Result "0-1"]
[WhiteElo "2295"]
[BlackElo "2470"]
[PlyCount "106"]
[EventDate "1989.09.??"]
[EventType "tourn"]
[EventRounds "11"]
[EventCountry "YUG"]
[EventCategory "10"]
[SourceTitle "CBM 015"]
[Source "ChessBase"]
[SourceDate "1990.04.01"]
[SourceVersion "1"]
[SourceVersionDate "1990.04.01"]
[SourceQuality "1"]

1. Nf3 g6 2. g3 Bg7 3. d4 c5 4. d5 Nf6 5. Bg2 0-0 6. 0-0 e6 7. c4 exd5 8. cxd5 d6 9. Nc3 Re8 10. Bf4 Na6 11. Nd2 Nh5 12. Be3 Nc7 13. a4 b6 14. Nc4 Ba6 15. Qb3 Qd7 16. Ne4 Bxc4 17. Qxc4 Bxb2 18. Rab1 Bg7 19. Rb3 Nf6 20. Nxf6+ Bxf6 21. Bf3 Rab8 22. Rfb1 Rb7 23. h4 Reb8 24. Bg4 Qd8 25. Bd2 Bd4 26. e3 Be5 27. f4 Bg7 28. e4 Bd4+ 29. Kg2 Qe8 30. Bf3 a6 31. Ba5 b5 32. Qd3 Bg7 33. axb5 Nxb5 34. e5 dxe5 35. d6 Qc8 36. Qd5 c4 37. Rb4 Qf5 38. Bc7 Qc2+ 39. Kh3 exf4 40. Qxc4 Qf5+ 41. Bg4 Qe5 42. Bxb8 Rxb8 43. Qxf4 Rd8 44. d7 h5 45. Bf3 Qe6+ 46. Kh2 Rxd7 47. Rd1 Qa2+ 48. Kh3 Qe6+ 49. Kh2 Be5 50. Qg5 Qa2+ 51. Kh3 Rxd1 52. Bxd1 Qd5 53. Bxh5 Qh1+ 0-1

[Event "Vrsac"]
[Site "Vrsac"]
[Date "1989.??.??"]
[Round "8"]
[White "Miralles, Gilles"]
[Black "Kapelan, Milorad"]
[Result "1/2-1/2"]
[WhiteElo "2445"]
[BlackElo "2295"]
[PlyCount "49"]
[EventDate "1989.09.??"]
[EventType "tourn"]
[EventRounds "11"]
[EventCountry "YUG"]
[EventCategory "10"]
[SourceTitle "CBM 015"]
[Source "ChessBase"]
[SourceDate "1990.04.01"]
[SourceVersion "1"]
[SourceVersionDate "1990.04.01"]
[SourceQuality "1"]

1. c4 e6 2. Nf3 d5 3. b3 Nf6 4. g3 Be7 5. Bg2 0-0 6. Bb2 b6 7. 0-0 Bb7 8. e3 Nbd7 9. Nc3 c5 10. Qe2 Rc8 11. Rfd1 Qc7 12. Rac1 Qb8 13. d4 Qa8 14. Ne1 cxd4 15. exd4 Rfd8 16. Nc2 Bf8 17. Ne3 dxc4 18. Bxb7 Qxb7 19. bxc4 e5 20. dxe5 Nxe5 21. Ncd5 Nxd5 22. Nxd5 Ng6 23. f4 Ne7 24. Qe4 Nxd5 25. cxd5 1/2-1/2

[Event "Boris Kostic Memorial-08"]
[Site "Vrsac"]
[Date "1983.09.??"]
[Round "?"]
[White "Djuric, Stefan"]
[Black "Kapelan, Milorad"]
[Result "1-0"]
[WhiteElo "2515"]
[BlackElo "2275"]
[PlyCount "51"]
[EventDate "1983.09.18"]
[EventType "tourn"]
[EventRounds "13"]
[EventCountry "YUG"]
[EventCategory "10"]
[SourceTitle "MCD"]
[Source "ChessBase"]
[SourceDate "1999.07.01"]
[SourceVersion "1"]
[SourceVersionDate "1999.07.01"]
[SourceQuality "1"]

1. c4 e6 2. Nc3 d5 3. d4 Be7 4. Nf3 Nf6 5. Bg5 h6 6. Bxf6 Bxf6 7. e3 0-0 8. Rc1 b6 9. Bd3 Bb7 10. 0-0 Nd7 11. cxd5 exd5 12. Qb3 c6 13. Rfd1 Be7 14. e4 dxe4 15. Nxe4 Qb8 16. a4 c5 17. Bb1 cxd4 18. Qd3 f5 19. Qxd4 fxe4 20. Qxd7 Bf6 21. Nd2 Re8 22. Nxe4 Bxb2 23. Nd6 Bxc1 24. Rxc1 Bd5 25. Nxe8 Qe5 26. Nc7 1-0

[Event "Boris Kostic Memorial-08"]
[Site "Vrsac"]
[Date "1983.09.??"]
[Round "?"]
[White "Kapelan, Milorad"]
[Black "Ivanovic, Bozidar"]
[Result "1-0"]
[WhiteElo "2275"]
[BlackElo "2480"]
[PlyCount "83"]
[EventDate "1983.09.18"]
[EventType "tourn"]
[EventRounds "13"]
[EventCountry "YUG"]
[EventCategory "10"]
[SourceTitle "MCD"]
[Source "ChessBase"]
[SourceDate "1999.07.01"]
[SourceVersion "1"]
[SourceVersionDate "1999.07.01"]
[SourceQuality "1"]

1. Nf3 d6 2. d4 Nd7 3. g3 e5 4. dxe5 dxe5 5. Bg2 Ngf6 6. 0-0 Bd6 7. c4 0-0 8. Nc3 Re8 9. Qc2 c6 10. Rd1 Qc7 11. b3 Bf8 12. Bb2 h6 13. Nd2 Nh7 14. a3 Nc5 15. b4 Ne6 16. Nb3 Neg5 17. c5 f5 18. Nd2 Be6 19. e3 Rad8 20. f4 Nf7 21. Nf3 Nf6 22. Rxd8 Rxd8 23. Re1 Ng4 24. h3 Nf6 25. Ne2 Nd5 26. Nc3 Ne7 27. Ne2 e4 28. Nfd4 Bc8 29. Nc3 Re8 30. Qe2 g6 31. Qc4 Bg7 32. Bf1 Rd8 33. Rd1 Nd5 34. Nxd5 Rxd5 35. Qb3 Rd8 36. Bc4 Bxd4 37. Bxd4 Qe7 38. Kh2 Re8 39. Bb2 Qf8 40. Rd6 b5 41. Rxg6+ Kh7 42. Bxf7 1-0

[Event "Boris Kostic Memorial-08"]
[Site "Vrsac"]
[Date "1983.09.??"]
[Round "?"]
[White "Rajkovic, Dusan"]
[Black "Kapelan, Milorad"]
[Result "1-0"]
[WhiteElo "2490"]
[BlackElo "2275"]
[PlyCount "81"]
[EventDate "1983.09.18"]
[EventType "tourn"]
[EventRounds "13"]
[EventCountry "YUG"]
[EventCategory "10"]
[SourceTitle "MCD"]
[Source "ChessBase"]
[SourceDate "1999.07.01"]
[SourceVersion "1"]
[SourceVersionDate "1999.07.01"]
[SourceQuality "1"]

1. d4 d5 2. c4 e6 3. Nc3 Be7 4. Nf3 Nf6 5. Bf4 0-0 6. e3 b6 7. Rc1 Bb7 8. cxd5 Nxd5 9. Bg3 c5 10. Bd3 Nd7 11. 0-0 N7f6 12. Re1 Nxc3 13. bxc3 Be4 14. Ba6 Qd5 15. Ne5 cxd4 16. f3 Qa5 17. fxe4 Qxa6 18. exd4 Qb7 19. Bh4 Rac8 20. Qf3 Ne8 21. Bf2 Bd6 22. Nd3 Qa6 23. Re2 Ba3 24. Rcc2 Nd6 25. e5 Nc4 26. Bh4 Qb5 27. Nf4 Qb1+ 28. Kf2 Bc1 29. Nh5 Bh6 30. Qe4 g6 31. Re1 Qb5 32. Nf6+ Kh8 33. Ng4 Bg7 34. Bf6 Bxf6 35. Nxf6 Kg7 36. Kg1 Nd6 37. Qh4 h6 38. exd6 Qd3 39. Rf2 Qxc3 40. Ref1 Qe3 41. Nd7 1-0

[Event "Boris Kostic Memorial-08"]
[Site "Vrsac"]
[Date "1983.09.??"]
[Round "?"]
[White "Smejkal, Jan"]
[Black "Kapelan, Milorad"]
[Result "1-0"]
[WhiteElo "2560"]
[BlackElo "2275"]
[PlyCount "77"]
[EventDate "1983.09.18"]
[EventType "tourn"]
[EventRounds "13"]
[EventCountry "YUG"]
[EventCategory "10"]
[SourceTitle "MCD"]
[Source "ChessBase"]
[SourceDate "1999.07.01"]
[SourceVersion "1"]
[SourceVersionDate "1999.07.01"]
[SourceQuality "1"]

1. c4 e6 2. Nf3 d5 3. b3 Be7 4. Bb2 Nf6 5. g3 b6 6. Bg2 Bb7 7. 0-0 0-0 8. e3 c5 9. Nc3 Nbd7 10. Qe2 Rc8 11. d3 Qc7 12. Rad1 a6 13. e4 d4 14. Nb1 b5 15. Nbd2 Nb6 16. Ne1 Nfd7 17. f4 Nb8 18. Bc1 Nc6 19. e5 Rce8 20. Ne4 Kh8 21. Nf3 Nd8 22. Rf2 f5 23. exf6 gxf6 24. Re1 Nc8 25. Nh4 f5 26. Ng5 Bxg2 27. Kxg2 Bf6 28. Qh5 Qg7 29. Nxf5 Qg6 30. Qxg6 hxg6 31. Nh4 Kg7 32. Nhf3 Re7 33. cxb5 axb5 34. Rc2 Bxg5 35. Nxg5 Rf5 36. Bd2 Rd7 37. Rec1 Rdd5 38. Rxc5 Ne7 39. Rc7 1-0

[Event "Boris Kostic Memorial-07"]
[Site "Vrsac"]
[Date "1981.09.26"]
[Round "13"]
[White "Campora, Daniel Hugo"]
[Black "Kapelan, Milorad"]
[Result "1/2-1/2"]
[WhiteElo "2455"]
[BlackElo "2340"]
[PlyCount "84"]
[EventDate "1981.09.12"]
[EventType "tourn"]
[EventRounds "15"]
[EventCountry "YUG"]
[EventCategory "10"]
[SourceTitle "MCD"]
[Source "ChessBase"]
[SourceDate "1999.07.01"]
[SourceVersion "1"]
[SourceVersionDate "1999.07.01"]
[SourceQuality "1"]

1. e4 e5 2. Nf3 Nf6 3. Nc3 Nc6 4. Bb5 d6 5. d4 exd4 6. Qxd4 Bd7 7. Bxc6 Bxc6 8. Bg5 Be7 9. 0-0-0 0-0 10. Rhe1 Nd7 11. Bxe7 Qxe7 12. e5 Nxe5 13. Nxe5 dxe5 14. Rxe5 Qf6 15. Nd5 Bxd5 16. Rxd5 Qxd4 17. R1xd4 Rfe8 18. Rd7 Re1+ 19. Kd2 Rae8 20. Rxc7 R1e2+ 21. Kc3 Rxf2 22. Rd2 Rxd2 23. Kxd2 Rb8 24. c4 g5 25. Kd3 Kg7 26. c5 h5 27. h4 gxh4 28. b4 Kf6 29. Ke4 Ke6 30. b5 Rg8 31. c6 b6 32. Rxa7 Rxg2 33. Ra8 Rc2 34. Rh8 Kd6 35. Rh6+ Kc7 36. a4 Rc4+ 37. Kd5 Rc5+ 38. Kd4 h3 39. Rf6 h2 40. Rxf7+ Kd6 41. Rf6+ Kc7 42. Rf7+ Kd6 1/2-1/2

[Event "Boris Kostic Memorial-07"]
[Site "Vrsac"]
[Date "1981.09.20"]
[Round "8"]
[White "Kapelan, Milorad"]
[Black "Smejkal, Jan"]
[Result "0-1"]
[WhiteElo "2340"]
[BlackElo "2535"]
[PlyCount "78"]
[EventDate "1981.09.12"]
[EventType "tourn"]
[EventRounds "15"]
[EventCountry "YUG"]
[EventCategory "10"]
[SourceTitle "MCD"]
[Source "ChessBase"]
[SourceDate "1999.07.01"]
[SourceVersion "1"]
[SourceVersionDate "1999.07.01"]
[SourceQuality "1"]

1. Nf3 d5 2. c4 d4 3. e4 c5 4. d3 Nc6 5. Be2 e5 6. 0-0 Nf6 7. Bd2 Bd6 8. Na3 a6 9. Ne1 h6 10. g3 Bh3 11. Ng2 Qd7 12. b3 Rb8 13. Qc1 Nh7 14. Nc2 0-0 15. a3 f5 16. b4 Be7 17. bxc5 fxe4 18. Nb4 Nf6 19. Nd5 Nxd5 20. cxd5 Qxd5 21. dxe4 Qxe4 22. Qc4+ Kh8 23. f3 Qg6 24. Rfe1 Be6 25. Qc1 Bd5 26. Rf1 d3 27. Bd1 Nd4 28. Ne1 Rbc8 29. Be3 Bxc5 30. Qd2 e4 31. f4 Nf5 32. Bxc5 Rxc5 33. Ng2 Qf6 34. Bg4 Qd4+ 35. Qf2 e3 36. Nxe3 Qxe3 37. Bxf5 Qxf2+ 38. Kxf2 Rxf5 39. Ke3 Bc4 0-1

[Event "Boris Kostic Memorial-07"]
[Site "Vrsac"]
[Date "1981.09.19"]
[Round "7"]
[White "Kapelan, Milorad"]
[Black "Kurajica, Bojan"]
[Result "1/2-1/2"]
[WhiteElo "2340"]
[BlackElo "2495"]
[PlyCount "41"]
[EventDate "1981.09.12"]
[EventType "tourn"]
[EventRounds "15"]
[EventCountry "YUG"]
[EventCategory "10"]
[SourceTitle "MCD"]
[Source "ChessBase"]
[SourceDate "1999.07.01"]
[SourceVersion "1"]
[SourceVersionDate "1999.07.01"]
[SourceQuality "1"]

1. Nf3 Nf6 2. c4 e6 3. g3 d5 4. b3 Be7 5. Bg2 0-0 6. 0-0 a5 7. Bb2 a4 8. d3 c6 9. Nbd2 Na6 10. bxa4 Nc5 11. Ba3 Nxa4 12. Bxe7 Qxe7 13. Qb3 e5 14. Rfc1 e4 15. dxe4 Nc5 16. Qc3 dxe4 17. Nd4 Ng4 18. N2b3 Na4 19. Qc2 f5 20. c5 Ne5 21. Re1 1/2-1/2

[Event "Boris Kostic Memorial-07"]
[Site "Vrsac"]
[Date "1981.09.18"]
[Round "6"]
[White "Ftacnik, Lubomir"]
[Black "Kapelan, Milorad"]
[Result "1-0"]
[WhiteElo "2520"]
[BlackElo "2340"]
[PlyCount "53"]
[EventDate "1981.09.12"]
[EventType "tourn"]
[EventRounds "15"]
[EventCountry "YUG"]
[EventCategory "10"]
[SourceTitle "MCD"]
[Source "ChessBase"]
[SourceDate "1999.07.01"]
[SourceVersion "1"]
[SourceVersionDate "1999.07.01"]
[SourceQuality "1"]

1. Nf3 d5 2. d4 Nf6 3. c4 e6 4. Nc3 Be7 5. Bf4 0-0 6. e3 b6 7. Rc1 Bb7 8. cxd5 Nxd5 9. Bg3 Nxc3 10. bxc3 c5 11. Bd3 Nd7 12. Qc2 h6 13. 0-0 Qc8 14. Qe2 a6 15. e4 b5 16. c4 b4 17. d5 Re8 18. Bc2 Bf8 19. Qd3 e5 20. Ba4 Bd6 21. Nh4 g6 22. Qe3 Kg7 23. f4 Qc7 24. fxe5 Bxe5 25. Bxe5+ Rxe5 26. Qg3 Rae8 27. d6 1-0

[Event "Boris Kostic Memorial-06"]
[Site "Vrsac"]
[Date "1979.09.17"]
[Round "10"]
[White "Bronstein, David Ionovich"]
[Black "Kapelan, Milorad"]
[Result "1-0"]
[WhiteElo "2555"]
[BlackElo "2335"]
[PlyCount "89"]
[EventDate "1979.09.07"]
[EventType "tourn"]
[EventRounds "15"]
[EventCountry "YUG"]
[EventCategory "9"]
[SourceTitle "EXT 2002"]
[Source "ChessBase"]
[SourceDate "2001.11.25"]
[SourceVersion "1"]
[SourceVersionDate "2001.11.25"]
[SourceQuality "1"]

1. c4 e6 2. Nc3 d5 3. d4 Nf6 4. cxd5 exd5 5. Bg5 Be7 6. e3 0-0 7. Bd3 c6 8. Qc2 Nbd7 9. Nf3 Re8 10. 0-0 h6 11. Bf4 Nf8 12. h3 Ne6 13. Bh2 a5 14. Rad1 b5 15. Ne5 Bb7 16. Bf5 Bf8 17. Bg3 Qb6 18. Bh4 g5 19. Bg3 c5 20. dxc5 Nxc5 21. Ng4 Nxg4 22. Bxg4 Ne4 23. Nxe4 dxe4 24. Bd7 Re7 25. Rd6 Qa7 26. Bxb5 Rc8 27. Qb3 Qc5 28. Rfd1 Bc6 29. Bxc6 Rxc6 30. R1d5 Qc1+ 31. Rd1 Qc2 32. Rxc6 Qxc6 33. Rd6 Qc1+ 34. Kh2 Rc7 35. Rd1 Qc2 36. Bxc7 Qxc7+ 37. Kg1 Qe5 38. Rd8 Qc7 39. Qb8 Qc1+ 40. Kh2 Qc5 41. Rc8 Qe7 42. a3 Kg7 43. Kg1 a4 44. Re8 Qd7 45. Rxf8 1-0

[Event "Boris Kostic Memorial-05"]
[Site "Vrsac"]
[Date "1977.09.28"]
[Round "13"]
[White "Ivanovic, Bozidar"]
[Black "Kapelan, Milorad"]
[Result "1-0"]
[WhiteElo "2440"]
[BlackElo "2340"]
[PlyCount "103"]
[EventDate "1977.09.14"]
[EventType "tourn"]
[EventRounds "15"]
[EventCountry "YUG"]
[EventCategory "9"]
[SourceTitle "EXT 2002"]
[Source "ChessBase"]
[SourceDate "2001.11.25"]
[SourceVersion "1"]
[SourceVersionDate "2001.11.25"]
[SourceQuality "1"]

1. e4 c5 2. Nf3 Nc6 3. d4 cxd4 4. Nxd4 Nf6 5. Nc3 d6 6. Bg5 e6 7. Qd2 a6 8. 0-0-0 Bd7 9. f4 Be7 10. Nf3 b5 11. Bxf6 gxf6 12. Kb1 Qb6 13. f5 0-0-0 14. g3 Kb8 15. fxe6 fxe6 16. Bh3 Bc8 17. Qe1 Qc5 18. Ne2 d5 19. exd5 Rxd5 20. Rxd5 Qxd5 21. Nf4 Qd6 22. Bxe6 Bb7 23. Bd5 Ne5 24. Bxb7 Kxb7 25. Nxe5 Qxe5 26. Qxe5 fxe5 27. Re1 Bd6 28. Nd3 Re8 29. Nf2 Rf8 30. Ne4 Be7 31. Kc1 Kc6 32. Kd2 Kd5 33. Ke3 Rc8 34. c3 Ke6 35. Rf1 h5 36. b3 a5 37. Rc1 h4 38. g4 h3 39. c4 bxc4 40. Rxc4 Rf8 41. Rc6+ Kd5 42. Ra6 Rf4 43. Rxa5+ Ke6 44. Ra6+ Kf7 45. g5 Rg4 46. Rh6 Kg7 47. Rxh3 Rg2 48. Kf3 Rxa2 49. Kg4 Rb2 50. Kf5 Bd8 51. Rd3 Bb6 52. Rd7+ 1-0

[Event "Boris Kostic Memorial-05"]
[Site "Vrsac"]
[Date "1977.09.24"]
[Round "10"]
[White "Kapelan, Milorad"]
[Black "Matanovic, Aleksandar"]
[Result "0-1"]
[WhiteElo "2340"]
[BlackElo "2505"]
[PlyCount "62"]
[EventDate "1977.09.14"]
[EventType "tourn"]
[EventRounds "15"]
[EventCountry "YUG"]
[EventCategory "9"]
[SourceTitle "EXT 2002"]
[Source "ChessBase"]
[SourceDate "2001.11.25"]
[SourceVersion "1"]
[SourceVersionDate "2001.11.25"]
[SourceQuality "1"]

1. Nf3 b6 2. c4 Bb7 3. d4 e6 4. g3 Nf6 5. Bg2 Be7 6. 0-0 0-0 7. Nc3 d5 8. Ne5 c6 9. b3 Nbd7 10. Nd3 Rc8 11. Bb2 Ba6 12. cxd5 cxd5 13. Rc1 Bd6 14. a3 Qe7 15. b4 Bc4 16. Qa4 a6 17. Rfd1 Rc7 18. f3 Rfc8 19. Bf1 e5 20. dxe5 Nxe5 21. Nf2 b5 22. Qc2 a5 23. bxa5 Bc5 24. Qf5 Re8 25. Kg2 Be3 26. Ra1 g6 27. Qh3 Qc5 28. Nd3 Bxd3 29. exd3 d4 30. Ne2 Qd5 31. Kh1 Nfg4 0-1

[Event "Boris Kostic Memorial-05"]
[Site "Vrsac"]
[Date "1977.09.18"]
[Round "5"]
[White "Kapelan, Milorad"]
[Black "Bukic, Enver"]
[Result "1/2-1/2"]
[WhiteElo "2340"]
[BlackElo "2490"]
[PlyCount "35"]
[EventDate "1977.09.14"]
[EventType "tourn"]
[EventRounds "15"]
[EventCountry "YUG"]
[EventCategory "9"]
[SourceTitle "EXT 2002"]
[Source "ChessBase"]
[SourceDate "2001.11.25"]
[SourceVersion "1"]
[SourceVersionDate "2001.11.25"]
[SourceQuality "1"]

1. Nf3 c5 2. c4 g6 3. d4 cxd4 4. Nxd4 Bg7 5. e4 Nc6 6. Be3 Nf6 7. Nc3 d6 8. Be2 Bd7 9. 0-0 0-0 10. Rc1 Nxd4 11. Bxd4 Bc6 12. f3 a5 13. b3 Nd7 14. Be3 Nc5 15. Qd2 Kh8 16. Nd5 f5 17. Bg5 Rf7 18. Bd3 1/2-1/2

[Event "Boris Kostic Memorial-05"]
[Site "Vrsac"]
[Date "1977.09.17"]
[Round "4"]
[White "Torre, Eugenio"]
[Black "Kapelan, Milorad"]
[Result "1/2-1/2"]
[WhiteElo "2550"]
[BlackElo "2340"]
[PlyCount "54"]
[EventDate "1977.09.14"]
[EventType "tourn"]
[EventRounds "15"]
[EventCountry "YUG"]
[EventCategory "9"]
[SourceTitle "EXT 2002"]
[Source "ChessBase"]
[SourceDate "2001.11.25"]
[SourceVersion "1"]
[SourceVersionDate "2001.11.25"]
[SourceQuality "1"]

1. e4 c5 2. Nf3 Nc6 3. d4 cxd4 4. Nxd4 Nf6 5. Nc3 d6 6. Bg5 e6 7. Qd2 a6 8. 0-0-0 Bd7 9. Qe1 Be7 10. f4 Qc7 11. Nf3 0-0-0 12. Kb1 h6 13. Bh4 Nh5 14. Bxe7 Nxe7 15. e5 Bc6 16. exd6 Rxd6 17. Rxd6 Qxd6 18. Ne5 Rf8 19. Qf2 g5 20. Nxc6 Nxc6 21. fxg5 hxg5 22. Bxa6 bxa6 23. Qe2 Nf4 24. Qxa6+ Kb8 25. Qb6+ Kc8 26. Qa6+ Kb8 27. Qb6+ Kc8 1/2-1/2